The Africa queen
Gorde:
| Egile nagusia: | |
|---|---|
| Formatua: | Liburua |
| Hizkuntza: | Undetermined |
| Argitaratua: |
Oxford
Oxford University Press
2004
|
| Gaiak: | |
| Etiketak: |
Etiketa erantsi
Etiketarik gabe, Izan zaitez lehena erregistro honi etiketa jartzen!
|
| Thư viện lưu trữ: | Trung tâm Học liệu Trường Đại học Cần Thơ |
|---|
| LEADER | 00590nam a2200217Ia 4500 | ||
|---|---|---|---|
| 001 | CTU_94825 | ||
| 008 | 210402s9999 xx 000 0 und d | ||
| 020 | |c 35000 | ||
| 082 | |a 823.9 | ||
| 082 | |b F717 | ||
| 100 | |a Forester, C. S. | ||
| 245 | 4 | |a The Africa queen | |
| 245 | 0 | |c C. S. Forester | |
| 260 | |a Oxford | ||
| 260 | |b Oxford University Press | ||
| 260 | |c 2004 | ||
| 650 | |a Man-ưoman relationships,World war, 1914-1918 | ||
| 650 | |x Fiction,Fiction | ||
| 650 | |z Africa, central | ||
| 904 | |i Năm, Trong Hieu | ||
| 980 | |a Trung tâm Học liệu Trường Đại học Cần Thơ | ||